Statistics for Guess the footballer born in the year 1996

Click here to take the quiz!

General Stats

  • This quiz has been taken 17 times
  • The average score is 7 of 16

Answer Stats

Answer% Correct
André Onana
88%
Adama Traoré
81%
Caglar Söyüncü
69%
Kim Min-Jae
63%
Sofyan Amrabat
56%
Denis Zakaria
50%
Giovani Lo Celso
38%
Kelechi Iheanacho
38%
Tanguy Ndombele
38%
Lorenzo Pellegrini
31%
Nayef Aguerd
31%
Pablo Fornals
31%
Robin Koch
31%
Hwang Hee-Chan
25%
Robin Le Normand
13%
Yves Bissouma
13%

Score Distribution

Percentile by Number Answered

Percent of People with Each Score

Your Score History

You have not taken this quiz